25 postaci z Inazuma Eleven - Statystyki

Ogólne statystyki
  • Ten quiz został rozwiązany 1 019 razy
    1 014 od ostatniego zresetowania
  • Średni wynik to 11 z 25
Statystyki odpowiedzi
Hint Odpowiedź % Poprawnych
Główny bohater oraz kapitan gimnazjum Raimona grający na pozycji bramkarza. Mark Evans
100%
Ognisty napastnik gimnazjum Raimona. Jego młodsza siostra Julia leżała w szpitalu. Axel Blaze
94%
Kapitan Akademii Królewskiej grający jako pomocnik. Doznał kontuzji podczasz meczu z liceum Zeusa. Jude Sharp
89%
Trener Akademii Królewskiej, główna postać negatywna która próbuje zniszczyć Raimona i piłkę nożną. Ray Dark
81%
Jeden z pierwszych członków piłkarskiego kubu Raimona grający na pozycji napastnika. Jego pierwszą techniką hisatsu był "smoczy cios" Kevin Dragonfly
80%
Dziadek głównego bohatera, który rzekomo zginął w wypadku samochodowym. David Evans
72%
Napastnik liceum Zeusa, który potrafi zatrzymać czas pstrykając w palce. Byron Love
66%
Pogromca niedźwiedzi, głównie kojarzony z lodem chłopak grający na pozycji obrońcy oraz napastnika. Shawn Frost
65%
Lekkoatleta, najszybszy zawodnik drużyny Raimona kojarzący się z wiatrem Nathan Swift
64%
Pomocnik reprezentacji Stanów Zjednoczonych, który w dzieciństwie trafił do szpitala po zderzeniu z cięrzarówką. Erik Eagle
62%
Obrońca gimnazjum Raimona bojący sie wysokości, który często musiał chodzić do ubikacji. Jack Wallside
61%
Kapitan najlepszej drużyny akademii aliusa Genesis grający jako napastnik. Xavier Foster
49%
Córka dyrektora szkoły Raimon, która zbiera informacje o przeciwnikach. Nelly Raimon
40%
Pomocnik grający w Akademii Królewskiej Reaktywacja i Inazumie Japan. Był uznawany za szpiega który miał przekazywać informacje swojemu panu. Caleb Stonewall
33%
Kapitan i bramkarz Małego Giganta. Jest wychowankiem dziadka głównego bohatera. Hector Helio
29%
Zielono włosy kapitan najsłabszej drużyny akademi aliusa Gemini Storm. Jordan Greenway
28%
Najmłodszy zawodnik Inzaumy Japan uznawany za wielki talent. Austin Hobbes
27%
Napastnik reprezentacji Włoch kolegujący się z głównym bohaterem. Jego techniką hisatsu był "miecz odyna" Paolo Bianchi
27%
Trener gimanjum Raimona podczas Turnieju Strefy Footboolu oraz kucharz posiadający własną knajpkę. Seymour Hillman
19%
Menadżerka klubu Raimona, która pomaga zawodnikom w przygotowaniach i nie tylko. Silvia Woods
14%
Kapitan reprezentacji Brazylii który jest wykorzystywany przez główny czarny charakter. Mac Robingo
13%
Kapitan drugiej w kolejności drużyny akademii aliusa Epsilonu grającu na pozycji bramkarza jak i napastnika. Dave Quagmire
7%
Kapitan i napastnik reprezentacji Anglii. Jego techniką hisatsu jest excalibur. Edgar Valtinas
7%
Postać antagonistyczna, która jest centrum całego zła które sie dzieje w piłce nożnej. Próbuje przejąć kątrole nad piłką nożną na całym świecie. Zoolan Rice
3%
Obrońca Inazumy Japan, który pomógł jednemu z zawodników w ukrywaniu sie przed akademią aliusa Thor Stawberg
2%
Nie znaleziono quizów pasujących do podanych kryteriów
Rozkład punktacji
Procent ludzi z każdym wynikiem
Percentyl według liczby udzielonych odpowiedzi
Twoja historia wyników
Nie rozwiązałeś tego quizu od ostatniego zresetowania